000 00604nam a2200217Ia 4500
003 OSt
005 20240417140753.0
008 210210b2006 xxu||||| |||| 00| 0 eng d
020 _a81 8376 024 4
040 _cAL
041 _aEnglish
082 _a070.43 SHAP
100 _aSHARMA (B L)
_9161130
245 _aProgressive reporting today.
260 _aJaipur
_bABD Publishers
_c2006
300 _avi,232
650 _aBroadcasting writing libel journalism ethics obituaries speeches press conferences meetings
_9161131
690 _aJournalism
_9161132
906 _aSG04893
942 _2ddc
_cBK
999 _c115510
_d115510